000 01316nam a2200217Ia 4500
003 Ost
005 20260507075643.0
008 260507s9999||||xx |||||||||||||| ||und||
040 _cfsecg
041 _aara
082 _a323.46
100 _aعرفة، السيد عبد الوهاب
_eمؤلف
245 0 _aالوسيط في حماية حقوق الملكية الفكرية وجوائز الدولة في العلوم والعلوم التكنولوجية المتقدمة والفنون والآداب للمبدعين والمتفوقين /
_c السيد عبد الوهاب عرفة
260 _aالإسكندرية:
_bدار المطبوعات الجامعية,
_c2004
300 _a992 صفحة؛
_bإيضاحات ؛
_c24 سم
520 _aالبراءة والطبيعة القانونية لها ، براءة نموذج المنفعة، التصميمات التخطيطية للدوائر المتكاملة ، المعلومات غير المفصح عليها( المعلومات السرية)، العلامة التجارية، البيان التجاري، المؤشرات الجغرافية، الإتفاقيات الدولية
653 _aالإتفاقيات الدولية
653 _aالحماية القانونية
653 _aحقوق الملكية
942 _cكتاب
999 _c45450
_d45450